El manual de la diseñadora descalza = (Record no. 12110)

MARC details
000 -CABECERA
campo de control de longitud fija 01114nam a2200301 4500
003 - IDENTIFICADOR DEL NÚMERO DE CONTROL
campo de control MX-MxINE
005 - FECHA Y HORA DE LA ÚLTIMA TRANSACCIÓN
campo de control 20260530113910.0
008 - DATOS DE LONGITUD FIJA--INFORMACIÓN GENERAL
campo de control de longitud fija 260421b2013 mx a|||| |||| 00| 0 spa d
040 ## - FUENTE DE LA CATALOGACIÓN
Centro catalogador/agencia de origen ICI
Lengua de catalogación spa
Centro/agencia transcriptor ICI
041 0# - CÓDIGO DE LENGUA
Código de lengua del texto/banda sonora o título independiente spa
041 0# - CÓDIGO DE LENGUA
Código de lengua del texto/banda sonora o título independiente eng
050 #4 - SIGNATURA TOPOGRÁFICA DE LA BIBLIOTECA DEL CONGRESO
Número de clasificación F1219.3C75
Número de documento/Ítem F47
100 1# - ENTRADA PRINCIPAL--NOMBRE DE PERSONA
Nombre de persona Fernández, Carla,
Término indicativo de función/relación autor
9 (RLIN) 33321
245 13 - MENCIÓN DE TÍTULO
Título El manual de la diseñadora descalza =
Resto del título The barefoot designer : a handbook /
Mención de responsabilidad, etc. Carla Fernández ; traductor, Jason Woods
246 31 - FORMA VARIANTE DE TÍTULO
Título propio/Titulo breve Barefoot designer :
Resto del título a handbook
246 33 - FORMA VARIANTE DE TÍTULO
Título propio/Titulo breve Manual de la diseñadora descalza
264 #1 - PRODUCCIÓN, PUBLICACIÓN, DISTRIBUCIÓN, FABRICACIÓN Y COPYRIGHT
Producción, publicación, distribución, fabricación y copyright México, D.F. :
Nombre del de productor, editor, distribuidor, fabricante Consejo Nacional para la Cultura y las Artes, Dirección General de Publicaciones,
Fecha de producción, publicación, distribución, fabricación o copyright 2013
300 ## - DESCRIPCIÓN FÍSICA
Extensión 243 páginas :
Otras características físicas ilustraciones
336 ## - TIPO DE CONTENIDO
Fuente rdacontent
Término de tipo de contenido texto
337 ## - TIPO DE MEDIO
Fuente rdamedia
Nombre/término del tipo de medio sin medio
338 ## - TIPO DE SOPORTE
Fuente rdacarrier
Nombre/término del tipo de soporte volumen
650 #4 - PUNTO DE ACCESO ADICIONAL DE MATERIA--TÉRMINO DE MATERIA
Término de materia o nombre geográfico como elemento de entrada Indios de México
Subdivisión de forma Manuales
Subdivisión general Ropa
9 (RLIN) 33322
650 #4 - PUNTO DE ACCESO ADICIONAL DE MATERIA--TÉRMINO DE MATERIA
Término de materia o nombre geográfico como elemento de entrada Diseñadoras textiles
Subdivisión geográfica México
9 (RLIN) 33323
650 #4 - PUNTO DE ACCESO ADICIONAL DE MATERIA--TÉRMINO DE MATERIA
Término de materia o nombre geográfico como elemento de entrada Indumentaria
Subdivisión geográfica México
9 (RLIN) 808
650 #4 - PUNTO DE ACCESO ADICIONAL DE MATERIA--TÉRMINO DE MATERIA
Término de materia o nombre geográfico como elemento de entrada Mujeres indígenas
Subdivisión general Vida social y costumbres
9 (RLIN) 33324
700 1# - PUNTO DE ACCESO ADICIONAL--NOMBRE DE PERSONA
Nombre de persona Woods, Jason,
Término indicativo de función/relación traductor
9 (RLIN) 33325
942 ## - ELEMENTOS DE PUNTO DE ACCESO ADICIONAL (KOHA)
Fuente del sistema de clasificación o colocación Library of Congress Classification
Suprimir en OPAC 0
Tipo de ítem Koha

No items available.